[Event "Balkaniad-J"]
[Site "Kavala"]
[Date "1990.??.??"]
[Round "5"]
[White "Istratescu, Andrei"]
[Black "Burovic, Ismet"]
[Result "1-0"]
[WhiteElo "2330"]
[BlackElo "2355"]

1.e4 d6 2.d4 g6 3.Nc3 Bg7 4.f4 Nf6 5.Nf3 O-O 6.Bd3 Nfd7 7.Be3 c5 8.d5 Na6
9.O-O Nc7 10.Qe1 Rb8 11.a4 a6 12.a5 b5 13.axb6 Rxb6 14.Na4 Rb8 15.Qh4 e6
16.dxe6 fxe6 17.Qh3 Nf6 18.c4 Rb3 19.Ra3 Rxa3 20.bxa3 e5 21.Qh4 exf4 22.Bxf4 Ne6
23.Bd2 Nd4 24.Nxd4 cxd4 25.Bg5 Bd7 26.Nb2 Qe7 27.c5 dxc5 28.Bxa6 Qxe4 29.Bc4+ Kh8
30.Rxf6 Qb1+ 31.Rf1 Rxf1+ 32.Bxf1 Qxb2 33.Bh6 Be6 34.Bxg7+ Kxg7 35.Qe7+ Bf7
36.Qxc5 Qc3 37.Qe5+ Kf8 38.a4 Qd2 39.a5 d3 40.a6 Qb4 41.Bxd3 Qb6+ 42.Kh1 Qb3
43.Qc5+ Kg7 44.Qd4+ Kh6 45.Be4  1-0

[Event "Kecskemet"]
[Site "Kecskemet"]
[Date "1990.??.??"]
[Round "2"]
[White "Hertneck, Gerald"]
[Black "Bilek, Istvan"]
[Result "1-0"]
[WhiteElo "2480"]
[BlackElo "2395"]

1.d4 g6 2.e4 Bg7 3.Nc3 d6 4.f4 a6 5.Be3 b5 6.Nf3 Bb7 7.Bd3 Nd7 8.O-O c5 9.Kh1 c4
10.Be2 b4 11.Na4 Bxe4 12.Bxc4 Ngf6 13.a3 Rc8 14.Bb3 bxa3 15.Rxa3 O-O 16.Nc3 Bb7
17.Qd3 Nb6 18.f5 d5 19.fxg6 hxg6 20.Bf4 Ne4 21.Qe3 Nxc3 22.bxc3 Nc4 23.Bxc4 dxc4
24.Rb1 Qd7 25.Kg1 Bxf3 26.Qxf3 Rc6 27.Ra5 Rfc8 28.Bg3 Qa7 29.h4 Rb6 30.Rba1 Rcc6
31.Rd5 Rc8 32.Qg4 Re6 33.Rb1 Rf8 34.h5 Qa8 35.Rg5 f5 36.Qh3 gxh5 37.Be5 Rxe5
38.dxe5 Qe4 39.Qg3 Rf7 40.Rb8+  1-0

[Event "URS-Trade Union"]
[Site "Kherson"]
[Date "1990.??.??"]
[Round "?"]
[White "Magomedov, Magaram"]
[Black "Zhelnin, Vladimir V"]
[Result "1/2-1/2"]
[WhiteElo "2500"]
[BlackElo "2335"]

1.e4 g6 2.d4 Bg7 3.Nc3 d6 4.Be2 Nf6 5.Nf3 O-O 6.O-O Bg4 7.Be3 Nfd7 8.Qd2 e5
9.dxe5 dxe5 10.Bg5 Bf6 11.Bh6 Bg7 12.Nd5 c6 13.Bxg7 Kxg7 14.Ne3 Bxf3 15.Bxf3 Nc5
16.Rad1 Qxd2 17.Rxd2 a5 18.Rfd1 f6 19.b3 Nba6 20.Nc4 Nc7 21.Nb6 Rae8 22.Nc4 Ra8
23.Bg4 Nb5 24.Nb6 Nc3 25.Nxa8 Nxd1 26.Rxd1 Rxa8 27.f3 Kf7 28.Kf2 Ke7 29.Ke3 Rf8
30.g3 f5 31.Bh3 f4+ 32.Ke2 Rf6 33.Bg4 h5 34.Bc8 b5 35.a3 Rf8 36.Bh3 Ra8 37.gxf4 exf4
38.Rg1 Kf6 39.e5+ Kf7 40.b4 axb4 41.axb4 Na4 42.Bd7 c5 43.bxc5 Nxc5 44.Bxb5 Ra3
45.Bc4+ Kg7 46.e6 Nxe6  1/2-1/2

[Event "Kuala Lumpur zt"]
[Site "Kuala Lumpur"]
[Date "1990.??.??"]
[Round "?"]
[White "Liew, Chee Meng Jimmy"]
[Black "Abdullah, M."]
[Result "1/2-1/2"]
[WhiteElo "2355"]
[BlackElo "2240"]

1.e4 g6 2.d4 Bg7 3.Nc3 d6 4.Bg5 Nf6 5.Qd2 c6 6.f4 O-O 7.Bd3 b5 8.Nf3 Bg4
9.f5 b4 10.Ne2 Nbd7 11.O-O c5 12.fxg6 hxg6 13.Kh1 c4 14.Bxc4 Nxe4 15.Qf4 Bxf3
16.Rxf3 Nxg5 17.Qxg5 e6 18.Qxd8 Raxd8 19.a3 Rc8 20.Bb3 bxa3 21.Rxa3 Rc7 22.Ra6 d5
23.Kg1  1/2-1/2

[Event "Kuala Lumpur zt"]
[Site "Kuala Lumpur"]
[Date "1990.??.??"]
[Round "?"]
[White "Liang Jinrong"]
[Black "Lim, Jeremy"]
[Result "1-0"]
[WhiteElo "2455"]
[BlackElo "2365"]

1.e4 d6 2.d4 g6 3.Nc3 Bg7 4.Be3 c6 5.a4 Nf6 6.h3 O-O 7.Nf3 d5 8.e5 Ne4 9.Nxe4 dxe4
10.Ng5 c5 11.dxc5 Qc7 12.Bc4 h6 13.Nxe4 Nc6 14.f4 Bf5 15.Ng3 Rad8 16.Qc1 Nd4
17.Nxf5 Nxf5 18.Bf2 g5 19.O-O e6 20.Bd3 Nd4 21.Qe3 gxf4 22.Qxf4 Qxe5 23.Qxe5 Bxe5
24.Rad1 Kg7 25.c3 Nc6 26.Bc2 f5 27.Bb3 Kf7 28.Rxd8 Nxd8 29.Be3 Kg6 30.Rd1 f4
31.Bf2 Bf6 32.Kf1 Rf7 33.Ke2 Rc7 34.Kf3 e5 35.Ke4 Nc6 36.Be6 Nd8 37.Bf5+ Kf7
38.Rd7+ Rxd7 39.Bxd7 Ke7 40.Bc8  1-0

[Event "Lyngby op"]
[Site "Lyngby"]
[Date "1990.??.??"]
[Round "4"]
[White "Luther, Thomas"]
[Black "Conquest, Stuart"]
[Result "1/2-1/2"]
[WhiteElo "2405"]
[BlackElo "2465"]

1.e4 d6 2.d4 g6 3.Nc3 Bg7 4.Be3 a6 5.Qd2 b5 6.a4 b4 7.Nce2 a5 8.Ng3 Nd7 9.h4 h5
10.f3 e5 11.d5 Bh6 12.Bb5 Ba6 13.Bxa6 Rxa6 14.Bg5 Bxg5 15.hxg5 c6 16.N1e2 Ne7
17.f4 exf4 18.Qxf4 Ne5 19.Qf6 Kd7 20.Nd4 cxd5 21.O-O-O N7c6 22.Qf1 Rb6 23.Nxc6 Rxc6
24.Kb1 Qb6 25.Ne2 Rhc8 26.Nd4 Rc4 27.Nf3 Ng4 28.Nd2 Qf2 29.Nxc4 dxc4 30.Qe1 Rc5
31.Rd5 Rxd5 32.exd5 Qxg2 33.Rg1 Qxd5 34.Qe2 Ne5 35.Rd1 Qf3 36.Qd2 Qc6 37.Qd4 Ke6
38.Rf1 Qc7 39.Qf4 Ke7 40.Qf6+ Kd7 41.Rd1 Kc6 42.Qh8 Kb7 43.Qe8 Ka7 44.Qf8 Nf3
45.Rd5 h4 46.Qe8 Ne5 47.Qh8 Qb6 48.Rb5 Qg1+ 49.Ka2 Nc6 50.Qc8 b3+ 51.cxb3 cxb3+
52.Rxb3 Nb4+ 53.Rxb4 axb4 54.Qc7+ Ka6 55.Qc6+ Ka7 56.Qc7+ Ka6  1/2-1/2

[Event "Lyngby op"]
[Site "Lyngby"]
[Date "1990.??.??"]
[Round "7"]
[White "Deev, Andrei"]
[Black "Petkevich, Jusefs"]
[Result "1/2-1/2"]
[WhiteElo "2390"]
[BlackElo "2460"]

1.e4 g6 2.d4 Bg7 3.Nc3 d6 4.Nf3 Nd7 5.Bc4 e6 6.Bg5 Ne7 7.Qd2 h6 8.Bf4 g5
9.Be3 Nb6 10.Bb3 d5 11.h4 dxe4 12.Ne5 f6 13.Nc4 Nf5 14.Nxb6 axb6 15.hxg5 fxg5
16.O-O-O Nd6 17.Qe2 Qf6 18.Qh5+ Qf7 19.Qg4 Qg6 20.Ne2 Qf5 21.Qh5+ Qf7 22.Qg4 Qf5
23.Qh5+ Qf7 24.Qg4 Qf5  1/2-1/2

[Event "Lyngby op"]
[Site "Lyngby"]
[Date "1990.??.??"]
[Round "8"]
[White "Luther, Thomas"]
[Black "Hoi, Carsten"]
[Result "1-0"]
[WhiteElo "2405"]
[BlackElo "2445"]

1.e4 g6 2.d4 Bg7 3.Nc3 d6 4.Be3 Nc6 5.Qd2 Nf6 6.f3 O-O 7.O-O-O e5 8.Nge2 b5
9.Nxb5 Rb8 10.d5 Rxb5 11.dxc6 Be6 12.Nc3 Ra5 13.b4 Ra3 14.Kb2 Rxc3 15.Qxc3 d5
16.Bc4 d4 17.Qb3 Bxc4 18.Qxc4 Ne8 19.Bc1 Nd6 20.Qc5 Qa8 21.Ka1 Rb8 22.c4 Bf8
23.Bb2 a5 24.b5 Nxb5 25.Qxe5 Bg7 26.Qxb5 Rxb5 27.cxb5 a4 28.a3 f5 29.Rhe1 fxe4
30.Rxe4 Qa5 31.Re7 Bf6 32.Rd7 Be5 33.f4 Bf6 34.g4 Qxb5 35.Rxc7 Qb3 36.Re1 Kf8
37.g5 Qb8 38.Rb7 Qc8 39.gxf6 Qxc6 40.Rb8+ Kf7 41.Bxd4  1-0

[Event "Lyon op"]
[Site "Lyon"]
[Date "1990.??.??"]
[Round "?"]
[White "Glek, Igor V"]
[Black "Ribeiro, Regina"]
[Result "1-0"]
[WhiteElo "2535"]
[BlackElo "2050"]

1.e4 g6 2.d4 Bg7 3.Nc3 d6 4.f4 Nc6 5.Be3 Nh6 6.Be2 e6 7.Qd2 f5 8.d5 Ne7 9.dxe6 Bxe6
10.Bd4 Bxd4 11.Qxd4 O-O 12.Nf3 Nc6 13.Qd2 Nf7 14.h4 h5 15.Ng5 Nxg5 16.hxg5 Qe7
17.O-O-O fxe4 18.g4 hxg4 19.Rh6 Kg7 20.Nxe4 Bg8 21.Qc3+ Kf7 22.Bc4+ Ke8 23.Nf6+  1-0

[Event "Lyon op"]
[Site "Lyon"]
[Date "1990.??.??"]
[Round "?"]
[White "Hernandez, Gilberto"]
[Black "Todorcevic, Miodrag"]
[Result "1-0"]
[WhiteElo "2395"]
[BlackElo "2550"]

1.e4 g6 2.d4 Bg7 3.Nc3 d6 4.Nge2 Nc6 5.d5 Ne5 6.f4 Nd7 7.g3 c6 8.Be3 Ngf6
9.Bg2 cxd5 10.exd5 O-O 11.h3 Nc5 12.O-O Bd7 13.Nd4 Rc8 14.Qd2 a5 15.a3 a4
16.g4 Qb6 17.Rab1 e6 18.dxe6 fxe6 19.b4 axb3 20.cxb3 Qa6 21.b4 Nd3 22.Nde2 Qc4
23.Rbd1 Ne8 24.Qxd3 Bxc3 25.Qxc4  1-0

[Event "Lyon op"]
[Site "Lyon"]
[Date "1990.??.??"]
[Round "?"]
[White "Carlier, Bruno"]
[Black "Davies, Nigel R"]
[Result "1/2-1/2"]
[WhiteElo "2385"]
[BlackElo "2475"]

1.e4 g6 2.d4 Bg7 3.Nc3 d6 4.Nf3 Nf6 5.Be2 c5 6.d5 O-O 7.O-O Na6 8.Re1 Nc7
9.a4 b6 10.Bf4 Bb7 11.Qd2 Qd7  1/2-1/2

[Event "Lyon op"]
[Site "Lyon"]
[Date "1990.??.??"]
[Round "?"]
[White "Minasian, Artashes"]
[Black "Davies, Nigel R"]
[Result "1-0"]
[WhiteElo "2480"]
[BlackElo "2475"]

1.e4 g6 2.d4 Bg7 3.Nc3 d6 4.Bg5 Nc6 5.d5 Ne5 6.f4 Nd7 7.Nf3 c6 8.Qd2 cxd5
9.exd5 Ngf6 10.O-O-O Nc5 11.Nd4 Nfe4 12.Nxe4 Nxe4 13.Qe3 Nxg5 14.fxg5 O-O
15.Bc4 Bd7 16.h4 b5 17.Be2 Rc8 18.h5 Rc5 19.hxg6 hxg6 20.Qe4 Qc7 21.Bd3 Rc8
22.Rdf1 Rc4 23.Rxf7  1-0

[Event "Lyon op"]
[Site "Lyon"]
[Date "1990.??.??"]
[Round "?"]
[White "Polaczek, Richard"]
[Black "Todorcevic, Miodrag"]
[Result "1/2-1/2"]
[WhiteElo "2420"]
[BlackElo "2550"]

1.e4 g6 2.d4 Bg7 3.Nc3 d6 4.Nf3 Nf6 5.Be2 O-O 6.O-O c6 7.Re1 Nbd7 8.e5 Ne8
9.Bd3 dxe5 10.Nxe5 Ndf6 11.Bc4 Nd6 12.Bb3 Nf5 13.Ne2 Nd5 14.c3 Be6 15.Nf4 Nxf4
16.Bxf4 Bxb3 17.Qxb3 Qc8 18.Nf3 e6 19.Be5 Rd8 20.Rad1 b6 21.Qc4 Qb7 22.Qe2 Qe7
23.Bxg7 Kxg7 24.Qe5+ Kg8 25.Qe4 Rac8 26.Ne5 Rd6 27.h3 h5 28.g3 c5 29.Nc4 Rd7
30.dxc5 Rxc5 31.Ne5 Rd6 32.Nf3 Qd7 33.Rxd6 Qxd6 34.Kg2 a5 35.c4 Rc7 36.Re2 Qc6
37.Qxc6 Rxc6 38.b3 Rd6 39.Re5 f6 40.Rb5 e5 41.g4 hxg4 42.hxg4 Ne7 43.c5 bxc5
44.Rxc5 e4 45.Ne1 Rd2 46.Nc2 Nd5 47.Kg3 f5 48.gxf5 gxf5 49.Ne1 Kf7 50.Rxa5 Ke6
51.Ng2 Rd3+ 52.Kh2 f4 53.Ra8 Rd2 54.Re8+ Kf5 55.Rd8 Ke5 56.Kg1 Rd1+ 57.Kh2 Rf1
58.Rxd5+ Kxd5 59.Nxf4+ Ke5 60.Ng6+ Kf5 61.Ne7+ Kg4 62.Kg2 Ra1 63.Nd5 Rxa2
64.Nc3 Rb2  1/2-1/2

[Event "Lyon op"]
[Site "Lyon"]
[Date "1990.??.??"]
[Round "?"]
[White "Saucey, Michel"]
[Black "Thorsteins, Karl"]
[Result "0-1"]
[WhiteElo "2210"]
[BlackElo "2455"]

1.d4 g6 2.e4 Bg7 3.Nc3 d6 4.Be3 c6 5.Qd2 Nd7 6.f3 b5 7.g4 Bb7 8.h4 h5 9.g5 Qa5
10.Nge2 e5 11.Bh3 Nb6 12.b3 b4 13.Nd1 exd4 14.Bxd4 Bxd4 15.Qxd4 Qe5 16.Qxe5+ dxe5
17.Nf2 Ne7 18.Nd3 O-O 19.Nxe5 Rfd8 20.Nd3 a5 21.Kf2 Ba6 22.Nef4 Bxd3 23.Nxd3 c5
24.Rhd1 c4 25.Nc5 a4 26.Ke2 Rxd1 27.Rxd1 axb3 28.axb3 Ra2 29.Rd8+ Kg7 30.Rb8 Rxc2+
31.Kd1 cxb3 32.Ne6+ fxe6 33.Rxb6 Rc3 34.Rxb4 Kf7 35.Ke2 Nc6 36.Rb7+ Ke8 37.Kf2 Nd4
38.Bg2 e5 39.Rh7 Rc2+ 40.Kg3 Ne2+ 41.Kh2 b2 42.Bf1 b1=Q  0-1

[Event "Lyon zt"]
[Site "Lyon"]
[Date "1990.??.??"]
[Round "5"]
[White "Koch, Jean Rene"]
[Black "Seret, Jean Luc"]
[Result "1-0"]
[WhiteElo "2425"]
[BlackElo "2405"]

1.e4 g6 2.d4 Bg7 3.Nc3 d6 4.Be3 c6 5.h3 b5 6.f4 b4 7.Na4 Bd7 8.a3 a5 9.c4 bxc3
10.bxc3 Nf6 11.Bd3 O-O 12.Nf3 c5 13.dxc5 dxc5 14.Nxc5 Nh5 15.O-O Qc7 16.e5 Nxf4
17.Nxd7 Nxd3 18.Nxf8 Qxc3 19.Rb1 Nxe5 20.Rb3 Qc7 21.Nxe5 Qxe5 22.Qf3 a4 23.Qxf7+ Kh8
24.Qe8  1-0

[Event "Marseille"]
[Site "Marseille"]
[Date "1990.??.??"]
[Round "3"]
[White "Bareev, Evgeny"]
[Black "Todorcevic, Miodrag"]
[Result "1-0"]
[WhiteElo "2590"]
[BlackElo "2540"]

1.d4 g6 2.e4 Bg7 3.Nc3 d6 4.f4 Nf6 5.Nf3 O-O 6.Be3 Na6 7.e5 Ng4 8.Bg1 c5
9.h3 cxd4 10.Qxd4 Nh6 11.O-O-O Qa5 12.g4 Be6 13.Qa4 Qxa4 14.Nxa4 dxe5 15.fxe5 Nb4
16.a3 Nc6 17.Nc5 Bc8 18.Be3 b6 19.Bb5 Nxe5 20.Nxe5 bxc5 21.Nc6 Bb7 22.Rd7 Bxc6
23.Bxc6 Rab8 24.c3 f5 25.Bxc5 fxg4 26.Bxa7 Rbc8 27.Bb7 Rce8 28.a4 gxh3 29.a5 Ng4
30.Rxh3 e5 31.a6 e4 32.Bd4 Rf1+ 33.Kc2 Bxd4 34.Bd5+ Kf8 35.cxd4 Rc8+ 36.Kb3 Nf6
37.Rf7+ Ke8 38.a7 Rf5 39.Rxf6 Rxf6 40.a8=Q Rb6+ 41.Ka2  1-0

[Event "Moscow1"]
[Site "Moscow"]
[Date "1990.??.??"]
[Round "?"]
[White "Nikolenko, Oleg"]
[Black "Losev, Dmitry"]
[Result "1/2-1/2"]
[WhiteElo "2385"]
[BlackElo "2340"]

1.e4 g6 2.d4 Bg7 3.Nc3 d6 4.Be3 Nf6 5.Qd2 Ng4 6.Bg5 h6 7.Bh4 g5 8.Bg3 e5
9.dxe5 Nxe5 10.h4 Nbc6 11.O-O-O Be6 12.hxg5 hxg5 13.Rxh8+ Bxh8 14.Nd5 Ng6
15.Nh3 Bxh3 16.gxh3 Nce5 17.Qb4 Rb8 18.Qa5 c6 19.Qxd8+ Rxd8 20.Ne3 Kd7 21.c3 Bf6
22.Kc2 Rh8 23.Nf5 Be7 24.b4 Bf8 25.a4 Ke6 26.Ne3 Be7 27.Nf5 Bf8 28.b5 Be7
29.bxc6 bxc6 30.Rb1 Bd8 31.Nd4+ Kf6 32.Rb7 Bb6 33.Nb3 Ra8 34.a5 Bd8 35.a6 Bb6
36.Nd4 Rh8 37.Kd2 Rd8 38.Kc2 d5 39.Bg2 Nf4 40.exd5 cxd5 41.h4 Bxd4 42.cxd4 Rc8+
43.Kb3 Ned3 44.hxg5+ Kxg5 45.Bf1 Nc1+ 46.Ka4 Nfe2 47.Bxe2 Nxe2 48.Rxa7 f5
49.Be5 Kg4 50.Rc7 Ra8 51.Kb5 Kf3 52.Kb6 Kxf2 53.Kb7 Rxa6 54.Kxa6 Ke3 55.Re7 Nxd4
56.Kb6 f4 57.Kc5 Nf5 58.Re8 f3 59.Kxd5 Kd3 60.Rf8 f2 61.Rxf5 Ke2  1/2-1/2

[Event "Moscow (Women)"]
[Site "Moscow"]
[Date "1990.??.??"]
[Round "?"]
[White "Fatalibekova, Elena"]
[Black "Zatulovskaya, Tatiana"]
[Result "1-0"]
[WhiteElo "2265"]
[BlackElo "2120"]

1.d4 g6 2.e4 Bg7 3.Nc3 d6 4.f4 Nf6 5.Nf3 O-O 6.Be3 c6 7.Bd3 Ng4 8.Bg1 e5
9.dxe5 dxe5 10.h3 Nf6 11.Bc5 exf4 12.Bxf8 Bxf8 13.O-O Nh5 14.Bc4 Qe7 15.Bb3 Nd7
16.Qd2 Nc5 17.Rfd1 Be6 18.Bxe6 Nxe6 19.e5 Ng3 20.Kh2 g5 21.Qd6 Qxd6 22.exd6 Rd8
23.d7 Be7 24.Rd2 h5 25.Re1 Bf6 26.Ne4 Nxe4 27.Rxe4 Kg7 28.h4 gxh4 29.Kh3 Bxb2
30.Kxh4 Kf6 31.Kh3 a6 32.Rd3 b5 33.Rd6 Ke7 34.Rxc6 Rxd7 35.Rxa6 Rd1 36.Re1 Rxe1
37.Nxe1 Bc3 38.Nd3 Nd4 39.Nxf4  1-0

[Event "Goldberg mem"]
[Site "Moscow"]
[Date "1990.??.??"]
[Round "13"]
[White "Bokan, Danko"]
[Black "Belov, Igor"]
[Result "0-1"]
[WhiteElo "2260"]
[BlackElo "2430"]

1.e4 g6 2.d4 Bg7 3.Nc3 d6 4.Bg5 c6 5.Qd2 b5 6.O-O-O Nd7 7.f4 Qa5 8.e5 d5
9.Kb1 Nb6 10.a3 Nc4 11.Bxc4 bxc4 12.Na2 Qxd2 13.Rxd2 Rb8 14.h3 f6 15.exf6 exf6
16.Bh4 Ne7 17.Nf3 Nf5 18.Nc3 Kf7 19.Re1 Bf8 20.Ka2 Bd6 21.Rde2 Nxh4 22.Nxh4 Bd7
23.Nf3 Rhe8 24.Rxe8 Rxe8 25.Rxe8 Kxe8 26.Ne2 Bf5 27.Kb1 Kf7 28.Kc1 c3 29.b4 a5
30.bxa5 Bxa3+ 31.Kd1 Bc8 32.Nxc3 Bb4 33.Ne2 Bxa5 34.Nc1 Bc7 35.Nd3 Bd6 36.Kd2 Bf5
37.Nfe1 h6 38.Ke3 g5 39.g4 Bc8 40.f5 h5 41.Nf3 Ba6 42.Nd2 h4 43.Nb3 Ke7 44.Kf2 Bb5
45.Nbc5 Bg3+ 46.Ke3 Bc7 47.Kf2 Ba5 48.Ke3 Bc3 49.Nb3 Bc4 50.Nbc1 Ba5 51.Nb3 Bb6
52.Nbc1 Kd6 53.Nb3 Kc7 54.Nd2 Bb5 55.Nb3 Ba4 56.Na1 Kd6 57.Nb3 Bb5 58.Kd2 Kc7
59.Ke3 Kb8 60.Kd2 Bd8 61.Kc3 Be7 62.Nbc5 Kc7 63.Nb3 Kb6 64.Kd2 Bc4 65.Kc3 Bd8
66.Nd2 Ba6 67.Nb3 Bb5 68.Nbc5 Bc4 69.Kd2 Kb5 70.Nb7 Bc7 71.Nbc5 Bb6 72.Kc3 Bxc5
73.Nxc5 Bf1 74.Nd7 Bxh3 75.Nxf6 Bg2 76.Nh7 h3 77.f6 h2 78.f7 h1=Q 79.f8=Q Qxh7
80.Qc5+ Ka6 81.Qxc6+ Ka7 82.Qa4+ Kb7 83.Qb5+ Kc7 84.Qa5+ Kb8 85.Qd8+ Kb7
86.Qxg5 Qc7+ 87.Kd2 Be4 88.c4 Qxc4 89.Qe7+ Qc7 90.Qb4+ Ka6 91.Ke2 Qc4+ 92.Qxc4+ dxc4
93.Ke3 c3 94.Ke2 Kb5  0-1

[Event "Goldberg mem"]
[Site "Moscow"]
[Date "1990.??.??"]
[Round "15"]
[White "Kremenietsky, Anatoly M"]
[Black "Belov, Igor"]
[Result "1/2-1/2"]
[WhiteElo "2390"]
[BlackElo "2430"]

1.e4 d6 2.d4 g6 3.Nc3 Bg7 4.g3 Nf6 5.Bg2 O-O 6.Nge2 e5 7.h3 c6 8.a4 a5 9.O-O Na6
10.Be3 Nb4 11.Qd2 Be6 12.f4 Bc4 13.Rf2 Qc7 14.Rd1 Rfe8 15.Nc1 Rad8 16.b3 Ba6
17.Nb1 exd4 18.Bxd4 c5 19.Bxf6 Bxf6 20.c3 Nc6 21.Na3 Na7 22.Nc4 Bxc4 23.bxc4 Nc8
24.Qc2 Bg7 25.Nb3 Ne7 26.Nd2 f5 27.Nf1 fxe4 28.Bxe4 d5 29.cxd5 Nc8 30.Bf3 Nd6
31.Rb1 c4 32.Kg2 Qc5 33.Ra1 Re7 34.h4 Rb8 35.h5 gxh5 36.Bxh5 Bxc3 37.Qxc3 Qxf2+
38.Kxf2 Ne4+ 39.Ke3 Nxc3+ 40.Kd4 Ne4 41.Kxc4 Rc8+ 42.Kd4 Nd6 43.Kd3 Re4 44.Ne3 Rb4
45.Bg4 Rb3+ 46.Kd4 Rcc3 47.Be6+ Kf8 48.Nf5 Nxf5+ 49.Bxf5 Rxg3 50.Rc1 Ke7
51.Re1+ Kf6 52.Bxh7 Rb4+ 53.Kc5 Rc3+ 54.Kd6 Rxf4 55.Bg8 Rxa4 56.Rf1+ Kg5
57.Be6 Rb4 58.Rg1+ Kf4 59.Ke7 Rc7+ 60.Kf6 Rb6 61.Rd1 Ra6 62.d6 Rcc6 63.Ke7 b5
64.Bh3 Ra7+ 65.d7 Rc8 66.Kd6 Rd8 67.Kc6 b4 68.Kb6 Raa8 69.Bg2 Rab8+ 70.Kxa5 b3
71.Bc6 b2 72.Rd4+ Ke3 73.Bb5 Rxb5+ 74.Kxb5 Rxd7 75.Kc4  1/2-1/2

[Event "New York op"]
[Site "New York"]
[Date "1990.??.??"]
[Round "6"]
[White "Cabrilo, Goran"]
[Black "D'Amore, Carlo"]
[Result "1-0"]
[WhiteElo "2480"]
[BlackElo "2410"]

1.e4 g6 2.d4 Bg7 3.Nc3 d6 4.g3 Nc6 5.Be3 Nf6 6.h3 e5 7.dxe5 dxe5 8.Qxd8+ Nxd8
9.Bg2 Ne6 10.Nge2 c6 11.O-O-O Bf8 12.f4 Bc5 13.Bd2 O-O 14.f5 Nc7 15.g4 b5
16.Ng3 b4 17.Na4 Bf2 18.Nf1 Rb8 19.Bh6 Re8 20.Rd2 Bh4 21.Ne3 Ba6 22.Bf3 Red8
23.Rhd1 Rxd2 24.Rxd2 Bb5 25.Nc5 Na6 26.Nxa6 Bxa6 27.Ng2 Bg3 28.Rd6 Ne8 29.Rxc6 Bb7
30.Rc4 Ba8 31.Bd2 a5 32.Rc5 gxf5 33.gxf5 a4 34.Ne3 a3 35.b3 Nf6 36.Ng4 Ne8
37.Nxe5 Nd6 38.Nd7 Rd8 39.Nf6+ Kh8 40.Nd5 Be5 41.Bxb4 Bh2 42.Kd2 Rg8 43.Ra5  1-0

[Event "New York op"]
[Site "New York"]
[Date "1990.??.??"]
[Round "8"]
[White "Zaichik, Gennadi"]
[Black "D'Amore, Carlo"]
[Result "1-0"]
[WhiteElo "2460"]
[BlackElo "2410"]

1.e4 g6 2.d4 Bg7 3.Nc3 d6 4.Bg5 c6 5.Qd2 b5 6.f4 b4 7.Nd1 Qb6 8.e5 Nh6 9.Nf3 f6
10.exf6 exf6 11.Bxh6 Bxh6 12.Nf2 O-O 13.O-O-O Qa5 14.Kb1 Be6 15.b3 Nd7 16.Re1 Rae8
17.Nd3 Bd5 18.Qxb4 Qc7 19.Qd2 a5 20.a4 Qb6 21.Nb2 Rxe1+ 22.Nxe1 Re8 23.Bc4 Re4
24.Bxd5+ cxd5 25.Nf3 Bxf4 26.Qc3 Nb8 27.Qc8+ Kg7 28.Nd1 Nc6 29.Nc3 Re3 30.Qd7+ Kh6
31.Qh3+ Kg7 32.Qd7+ Kh6 33.Nb5 Ne7 34.Re1 Qc6 35.Qh3+ Kg7 36.Rxe3 Bxe3 37.Qe6 Nf5
38.g4 Nxd4 39.Qe7+ Kg8 40.Nfxd4  1-0

[Event "New York op"]
[Site "New York"]
[Date "1990.??.??"]
[Round "9"]
[White "Fishbein, Alexander"]
[Black "Mohr, Stefan"]
[Result "1/2-1/2"]
[WhiteElo "2470"]
[BlackElo "2425"]

1.e4 g6 2.d4 d6 3.Nc3 Bg7 4.f4 Nc6 5.Nf3 Bg4 6.Be3 Bxf3 7.gxf3 d5 8.Bb5 e6
9.Bxc6+ bxc6 10.Qd2 Nf6 11.O-O-O O-O 12.f5 exf5 13.exf5 Ne8 14.Bg5 Qd7 15.Qd3 Nd6
16.f6 Bh8 17.Na4 Qd8 18.Nc5 Bxf6 19.Bxf6 Qxf6 20.Nd7 Qf4+ 21.Qd2 Qxd2+ 22.Rxd2 Rfd8
23.Ne5 Nc4 24.Nxc4 dxc4 25.Re1 Rd5 26.c3 Rf5 27.Re3 Rd8 28.Rde2 Kg7 29.Re7 c5
30.Rxc7 cxd4 31.Rxc4 dxc3 32.Rxc3 Rd4 33.b3 Rdf4 34.Rf2 g5 35.Kd1 h5 36.h3 a5
37.Ke2 Kg6 38.Kf1 Rd5 39.Kg2 Kf5 40.Re2 Rfd4 41.Rce3 f6 42.Kf2 Rd2 43.Re4 R5d4
44.Rxd4 Rxd4 45.Rc2 Kf4 46.Re2 f5 47.Rc2 h4 48.a3 a4 49.bxa4 Rxa4 50.Rc3 Rd4
51.Rc2 Rd3 52.Rc4+ Ke5 53.a4 Rd2+ 54.Ke3 Rh2 55.Rc5+ Kf6 56.a5 Rxh3 57.a6 Rh1
58.Ra5 Re1+ 59.Kf2 Re8 60.a7 Ra8 61.Ra6+ Ke5  1/2-1/2

[Event "NOR-chT"]
[Site "NOR"]
[Date "1990.??.??"]
[Round "?"]
[White "Reite, Jarle"]
[Black "Bern, Ivar"]
[Result "0-1"]
[WhiteElo "2165"]
[BlackElo "2370"]

1.e4 g6 2.d4 Bg7 3.Nc3 d6 4.Bg5 a6 5.Qd2 b5 6.f3 Nd7 7.Nge2 Nb6 8.Nc1 Bd7
9.Be3 e6 10.Be2 f5 11.O-O Nf6 12.Bh6 O-O 13.Bxg7 Kxg7 14.e5 dxe5 15.dxe5 Nfd5
16.Nxd5 Nxd5 17.f4 c5 18.Bf3 Qb6 19.Qf2 Rac8 20.Rd1 Bc6 21.Nd3 Ba8 22.Bxd5 Bxd5
23.b4 a5 24.a3 Qd8 25.Nxc5 Qe7 26.h3 Kh8 27.Rd3 Ra8 28.Rad1 axb4 29.axb4 Ra2
30.Rxd5 exd5 31.Rxd5 Rd8 32.Qd2  0-1

[Event "Novi Sad ol (Men)"]
[Site "Novi Sad"]
[Date "1990.??.??"]
[Round "2"]
[White "Van der Wiel, John TH"]
[Black "Jones, Andrew"]
[Result "1-0"]
[WhiteElo "2555"]
[BlackElo "2245"]

1.e4 d6 2.d4 g6 3.Nc3 Bg7 4.Be3 a6 5.Qd2 b5 6.a4 b4 7.Nd1 Bb7 8.f3 a5 9.h4 h5
10.Nh3 Nd7 11.Ng5 Ngf6 12.c3 bxc3 13.bxc3 e6 14.Bd3 Qe7 15.Nf2 Nb6 16.O-O d5
17.Qc2 Bc6 18.Bc1 Nc4 19.exd5 Nxd5 20.Re1 O-O-O 21.Qb3 Ndb6 22.Ba3 Qe8 23.Bc5 Kb7
24.Nfe4  1-0

[Event "Novi Sad ol (Men)"]
[Site "Novi Sad"]
[Date "1990.??.??"]
[Round "2"]
[White "Sion Castro, Marcelino"]
[Black "Hamed, Ahmed"]
[Result "0-1"]
[WhiteElo "2350"]
[BlackElo "2325"]

1.e4 g6 2.d4 Bg7 3.Nc3 d6 4.Be3 c6 5.Qd2 b5 6.Bd3 a6 7.a4 b4 8.Nd1 a5 9.c3 Ba6
10.cxb4 axb4 11.Ne2 Nf6 12.f3 O-O 13.Nf2 Qa5 14.O-O Nbd7 15.Nc1 c5 16.Nb3 Qb6
17.dxc5 Nxc5 18.Nxc5 dxc5 19.Rfc1 Rfd8 20.Bxc5 Qe6 21.Bxb4 Bxd3 22.Nxd3 Qd7
23.Ra3 h5 24.Qe2 e6 25.Bc3 Qxd3 26.Qxd3 Rxd3 27.Bxf6 Rxa3 28.Bxg7 R3xa4 29.Bc3 Ra1
30.Rxa1 Rxa1+ 31.Kf2 Kf8 32.Bf6 Ke8 33.h4 Kd7 34.g4 Kd6 35.gxh5 gxh5 36.f4 Kc6
37.Ke3 Rg1 38.Kd4 Rb1 39.Kc4 Rf1 40.Be5 f6 41.Bxf6 Rxf4  0-1

[Event "Novi Sad ol (Men)"]
[Site "Novi Sad"]
[Date "1990.??.??"]
[Round "6"]
[White "Gomez Baillo, Jorge H"]
[Black "Smith, Robert W"]
[Result "1-0"]
[WhiteElo "2435"]
[BlackElo "2230"]

1.e4 g6 2.d4 Bg7 3.Nc3 d6 4.Be3 Nf6 5.f3 c6 6.Qd2 b5 7.h4 Nbd7 8.Nh3 h6 9.Nf4 a6
10.Bd3 Qc7 11.Nd1 c5 12.c3 e5 13.Ne2 Nb6 14.b3 Be6 15.d5 Bd7 16.Nb2 h5 17.O-O O-O
18.Bh6 a5 19.c4 b4 20.a4 bxa3 21.Rxa3 Bxh6 22.Qxh6 a4 23.Ng3 Qd8 24.Be2 Ne8
25.f4 Qxh4 26.bxa4 Nxa4 27.fxe5 dxe5 28.Qe3 Nd6 29.Rfa1 Qf4 30.Qxf4 exf4
31.e5 fxg3 32.exd6 Rae8 33.Nxa4 Bxa4 34.Bxh5 Bc2 35.Rxg3 Ra8 36.Rxa8 Rxa8
37.Be2 Bf5 38.Rb3 Bd7 39.Rb7 Rd8 40.Rc7 Bf5 41.g4 Bc2 42.Rxc5 Rxd6 43.Rc8+ Kg7
44.Bf3 Rf6 45.Kg2 Rf4 46.d6 Ba4 47.c5 Bd7 48.Rd8 Bxg4 49.Bxg4 Rxg4+ 50.Kf3 Rc4
51.d7 Rxc5 52.Rc8  1-0

[Event "Novi Sad ol (Men)"]
[Site "Novi Sad"]
[Date "1990.??.??"]
[Round "7"]
[White "Maki, Veijo"]
[Black "Kassabe, Ezat"]
[Result "1-0"]
[WhiteElo "2415"]
[BlackElo "2275"]

1.e4 g6 2.d4 d6 3.Nc3 Bg7 4.f4 c6 5.Nf3 Nd7 6.a4 a5 7.e5 Nb6 8.Ne4 Nh6 9.Bd3 O-O
10.O-O f6 11.c3 Kh8 12.h3 Bf5 13.Qe2 Qc7 14.Bd2 Nd7 15.g4 Bxe4 16.Qxe4 f5
17.Qe2 fxg4 18.hxg4 Qb6 19.e6 Nb8 20.Ng5 c5 21.dxc5 dxc5 22.Kg2 Nc6 23.Rh1 Rad8
24.Be3 Kg8 25.Bc4 Nxg4 26.Qxg4 Qxb2+ 27.Qe2 Qxc3 28.Rac1 Nd4 29.Bxd4 Qxd4
30.Nf7 Qxf4 31.Rhf1 Qh4 32.Rh1 Qf6 33.Rcf1 Qc3 34.Nxd8 Rxd8 35.Rd1 Bd4 36.Rhf1 Rc8
37.Rf7 Re8 38.Bb5 Rc8 39.Rxe7 Be5 40.Rd3 Qa1 41.Qf2 Bf6 42.Rxb7 Qe5 43.Rf7 Bg7
44.Rdd7 Bh6 45.Qh4 g5 46.Qxh6 Qe4+ 47.Kf2  1-0

[Event "Novi Sad ol (Men)"]
[Site "Novi Sad"]
[Date "1990.??.??"]
[Round "8"]
[White "Moutousis, Konstantinos"]
[Black "Smith, Robert W"]
[Result "1/2-1/2"]
[WhiteElo "2395"]
[BlackElo "2230"]

1.e4 g6 2.d4 Bg7 3.Nc3 d6 4.Be3 c6 5.a4 a5 6.h3 Nf6 7.Nf3 O-O 8.Be2 Na6 9.O-O Nb4
10.Qc1 Qc7 11.e5 Nfd5 12.Bh6 dxe5 13.dxe5 Nxc3 14.bxc3 Na6 15.Qe3 b6 16.Bxg7 Kxg7
17.Nd4 Nc5 18.f4 f6 19.Bf3 Bb7 20.h4 f5 21.g4 Kh8 22.Rf2 e6 23.g5 Rfe8 24.Rh2 Kg8
25.h5 Re7 26.Kf2 Rg7 27.Rah1 Kf7 28.Ra1 Rc8 29.Qe1 Qd7 30.Qe3 Qc7 31.Kg3 Rd8
32.Qg1 Rc8 33.Qh1 Qd7 34.Rd1 Qc7 35.hxg6+ hxg6 36.Rh7 Rg8 37.Nxc6 Bxc6 38.Bxc6 Rxh7
39.Qxh7+ Rg7 40.Qh8 Ne4+ 41.Kh2 Rg8 42.Rd7+ Qxd7 43.Qxg8+ Kxg8 44.Bxd7 Kf7
45.Kg2 Nxc3 46.Kf3 Ke7 47.Bc6 Na2 48.Bb7 Nc3 49.Bc6 Na2 50.c4 Nb4 51.Bb5 Nd3
52.c5 Nxc5 53.Ke3 Nd7 54.Bc6 Nb8 55.Bb7 Kd7 56.Kd3 Nc6 57.Kc4 Na7 58.Bg2 Ke7
59.Bf3 Kf7 60.Bb7 Ke7  1/2-1/2

[Event "Novi Sad ol (Men)"]
[Site "Novi Sad"]
[Date "1990.??.??"]
[Round "10"]
[White "Silva Sanchez, Carlos"]
[Black "Hergott, Deen"]
[Result "1/2-1/2"]
[WhiteElo "2370"]
[BlackElo "2385"]

1.d4 g6 2.e4 d6 3.Nc3 Bg7 4.Nf3 Nf6 5.h3 O-O 6.Be3 d5 7.Bd3 c5 8.dxc5 dxe4
9.Nxe4 Nxe4 10.Bxe4 Bxb2 11.Qxd8 Rxd8 12.Rb1 Bc3+ 13.Ke2 Nc6 14.Rhd1 Be6
15.Rxb7 Bc4+ 16.Bd3 Bxa2 17.Rc7 Nb4 18.c6 a5 19.Rxe7 Nxc6 20.Rc7 Rdc8 21.Rxc8+ Rxc8
22.Bd2 Re8+ 23.Kf1 Bxd2 24.Nxd2 Nb4 25.Bc4  1/2-1/2